[Event "25th Liechtenstein Open"]
[Site "Triesen LIE"]
[Date "2007.05.14"]
[Round "4"]
[White "Jaracz,B"]
[Black "Arakhamia,K"]
[Result "1-0"]
[WhiteElo "2273"]
[BlackElo "2435"]

1.e4 c5 2.Nf3 e6 3.d4 cxd4 4.Nxd4 Nc6 5.Nc3 d6 6.Be3 Nf6 7.f3 Be7 8.Qd2 a6
9.g4 O-O 10.O-O-O Nd7 11.h4 Nde5 12.Qg2 Nxd4 13.Bxd4 Nc6 14.Be3 b5 15.g5 Qa5
16.Kb1 b4 17.Ne2 d5 18.exd5 b3 19.axb3 Nb4 20.Nc3 exd5 21.Bd3 Be6 22.Qf2 Rab8
23.Na4 Rfc8 24.Bb6 Nxd3 25.Rxd3 Qb5 26.Ba7 Bf5 27.Rc3 Ra8 28.Bc5 Bd8 29.Qd4 Ba5
30.Re3 Bxc2+ 31.Kxc2 Bb4 32.Kb1 Bxc5 33.Nxc5 Rxc5 34.h5 Qb6 35.Rd1 Qd6 36.f4 Rac8
37.Rde1 Rf8 38.f5 Rc7 39.h6 gxh6 40.gxh6 f6 41.Re6 Qd8 42.Rxa6 Rcf7 43.Rg1+ Kh8
44.Ra7 Qc8 45.Rf1 Rxa7 46.Qxa7 Rg8 47.Qd4 Qa6 48.Re1 Ra8 49.b4 Rf8 50.Rd1 Qe2
51.Qxd5 Qe3 52.b5 Qxh6 53.b6 Qh2 54.b7 Kg7 55.Rh1 Qc7 56.Rc1 Qb8 57.Qd7+  1-0

[Event "25th Liechtenstein Open"]
[Site "Triesen LIE"]
[Date "2007.05.14"]
[Round "4"]
[White "Hommeles,T"]
[Black "Szabo,Kr1"]
[Result "0-1"]
[WhiteElo "2386"]
[BlackElo "2438"]

1.e4 c5 2.Nf3 e6 3.d4 cxd4 4.Nxd4 Nc6 5.Nc3 Qc7 6.Be2 a6 7.O-O Nf6 8.Kh1 Be7
9.f4 d6 10.Be3 O-O 11.Qe1 Nxd4 12.Bxd4 b5 13.a3 Bb7 14.Qg3 Bc6 15.Rae1 Rae8
16.Bd3 e5 17.fxe5 Nh5 18.Qh3 dxe5 19.Nd5 Bxd5 20.Qxh5 exd4 21.Qxd5 Bd6 22.g3 Be5
23.Kg2 g6 24.a4 Rd8 25.Qb3 Rb8 26.axb5 axb5 27.Qb4 h5 28.Rf3 Kg7 29.Ra1 h4
30.gxh4 Rh8 31.Ra5 Rxh4 32.h3 Qd8 33.Ra7 Qg5+ 34.Kh1 Qc1+ 35.Kg2 Rf4 36.Qe7 Qd2+
37.Kg1 Rxf3 38.Qxe5+ Kh7 39.Qxd4 Rg3+ 40.Kh1 Qg2+  0-1

[Event "ch-USA"]
[Site "Stillwater USA"]
[Date "2007.05.15"]
[Round "1"]
[White "Shabalov,A"]
[Black "Sarkar,J"]
[Result "1-0"]
[WhiteElo "2606"]
[BlackElo "2418"]

1.e4 c5 2.Nf3 e6 3.d4 cxd4 4.Nxd4 Nc6 5.Nc3 Qc7 6.Be2 a6 7.O-O Nf6 8.Kh1 Nxd4
9.Qxd4 Bc5 10.Qd3 b5 11.f4 h5 12.e5 Ng4 13.Bf3 Bb7 14.Bxb7 Qxb7 15.Ne4 Rc8
16.Bd2 Be7 17.Rae1 g6 18.a3 Nh6 19.Bb4 Nf5 20.c3 Bxb4 21.axb4 Ke7 22.Nd6 Nxd6
23.exd6+ Kf8 24.Re5 f5 25.Qg3 Kg7 26.Qg5 Rhf8 27.Re3 Rf6 28.Rd1 Rc4 29.Rh3 Kf7
30.Qh6 Kg8 31.Rxh5 gxh5 32.Qxf6  1-0

[Event "Mitropa Cup Women"]
[Site "Szeged HUN"]
[Date "2007.05.15"]
[Round "8"]
[White "Newrkla,K"]
[Black "Berke,A"]
[Result "1/2-1/2"]
[WhiteElo "2042"]
[BlackElo "2072"]

1.e4 c5 2.Nf3 e6 3.d4 cxd4 4.Nxd4 Nc6 5.Nc3 Qc7 6.Nxc6 bxc6 7.Bd3 Nf6 8.O-O Bd6
9.f4 e5 10.Qe1 Bb7 11.Rb1 O-O-O 12.b4 exf4 13.b5 Bc5+ 14.Kh1 g5 15.Na4 Bb6
16.Nxb6+ axb6 17.Bb2 Ng4 18.Bxh8 Rxh8 19.bxc6 Qxc6 20.Rb3 Qc7 21.Qc3 Re8
22.Qxc7+ Kxc7 23.Rb4 Ne3 24.Rfb1 Re6 25.Kg1 Rc6 26.R4b2 Rd6 27.a4 f5 28.e5 Re6
29.a5 Bxg2 30.axb6+ Kb8 31.Bxf5 Rxe5 32.Bxd7 Bb7 33.Re1 Rd5 34.Be6 Rd2 35.Bh3 Be4
36.Rb5 g4 37.Bf1 Rxc2 38.Re5 Bf3 39.Re7 Nxf1 40.Kxf1 Rxh2 41.Rf7 Rh1+ 42.Kf2 g3+
43.Kxf3 Rxe1 44.Rxf4  1/2-1/2

[Event "MTel"]
[Site "Sofia BUL"]
[Date "2007.05.17"]
[Round "7"]
[White "Kamsky,G"]
[Black "Nisipeanu,LD"]
[Result "1/2-1/2"]
[WhiteElo "2705"]
[BlackElo "2693"]

1.e4 c5 2.Nf3 e6 3.d4 cxd4 4.Nxd4 Nc6 5.Nc3 Qc7 6.Be2 Nf6 7.O-O a6 8.Be3 Bb4
9.Na4 Be7 10.c4 Nxe4 11.c5 O-O 12.Rc1 Rb8 13.g3 Nf6 14.Bf3 g6 15.Nb6 e5 16.Nb3 d6
17.cxd6 Bxd6 18.Bxc6 bxc6 19.Qf3 Bf5 20.Qxc6 Qxc6 21.Rxc6 Be7 22.Bc5 Bxc5
23.Nxc5 Kg7 24.Re1 Rbd8 25.Nc4 Rc8 26.Rxc8 Rxc8 27.b4 Ne4 28.Nxe4 Rxc4 29.Nd6 Rxb4
30.Nxf5+ gxf5 31.Rxe5 Ra4 32.Rxf5 h6 33.Kg2 Rxa2 34.Rc5 a5 35.g4 a4 36.Ra5 Ra3
37.Ra6 Kh7 38.f3 Ra1 39.f4 Ra2+ 40.Kg3 Ra3+ 41.Kh4 Ra2 42.h3 Ra3 43.g5 hxg5+
44.fxg5 Ra1 45.Kg3 Rg1+ 46.Kf2 Rxg5 47.Rxa4  1/2-1/2

[Event "42nd Capablanca Mem Abierto"]
[Site "Havana CUB"]
[Date "2007.05.18"]
[Round "1"]
[White "Abreu Delgado,A"]
[Black "Needleman,A"]
[Result "1/2-1/2"]
[WhiteElo "2498"]
[BlackElo "2357"]

1.e4 c5 2.Nf3 e6 3.d4 cxd4 4.Nxd4 Nc6 5.Nc3 Qc7 6.Be3 a6 7.Qd2 Nf6 8.O-O-O Bb4
9.f3 Na5 10.Bg5 b5 11.Kb1 Bxc3 12.Qxc3 Qxc3 13.bxc3 d6 14.Nb3 Nb7 15.Be2 Nd7
16.Be3 e5 17.Rd2 Ke7 18.Rhd1 f6 19.a3 Ndc5 20.Nxc5 dxc5 21.c4 Be6 22.cxb5 axb5
23.Bxb5 Rxa3 24.Rd3 Rha8 25.Rxa3 Rxa3 26.Bf2 Ra5 27.c4 Ra8 28.Bc6 Rc8 29.Bxb7 Rb8
30.Bxc5+ Kf7 31.Kc2 Rxb7 32.Kc3 Rc7 33.Kb4 Rb7+ 34.Kc3  1/2-1/2

[Event "Stuttgarter Stadtmeisterschaft"]
[Site "Gerlingen GER"]
[Date "2007.05.19"]
[Round "6"]
[White "Zeller,F"]
[Black "Schuh,K"]
[Result "1/2-1/2"]
[WhiteElo "2429"]
[BlackElo "2201"]

1.e4 c5 2.Nf3 Nc6 3.Nc3 e6 4.d4 cxd4 5.Nxd4 a6 6.g3 Nf6 7.Bg2 Qc7 8.O-O Nxd4
9.Qxd4 Bc5 10.Bf4 d6 11.Qd3 Ke7 12.Bg5 h6 13.Bxf6+ gxf6 14.Rfe1 Bb4 15.Re3 Bxc3
16.Qxc3 Qxc3 17.Rxc3 Bd7 18.Rd3 Bb5 19.Rd4 Rac8 20.c3 Rhd8 21.Rad1 Rc5 22.f4 Rc4
23.R4d2 Rc5 24.Kf2 a5 25.Rd4 Rd7 26.Bf3 b6 27.h4 Rd8 28.Re1 Rd7 29.Bd1 Rd8
30.Bb3 Bc6 31.Bc2 Bb5 32.a4 Ba6 33.Red1 Rd7 34.Bd3 e5 35.Rd5 Bxd3 36.R5xd3 Rc4
37.b3 Rxe4 38.Kf3 f5 39.fxe5 Rxe5 40.c4 Ke6 41.Rd5 f6 42.Kf4 Re4+ 43.Kf3 Re5
44.R1d3 h5  1/2-1/2

[Event "Capo d'Orso"]
[Site "Porto Mannu PAL"]
[Date "2007.05.19"]
[Round "1"]
[White "Busquets,L"]
[Black "Bruno,Fabi"]
[Result "0-1"]
[WhiteElo "2236"]
[BlackElo "2428"]

1.e4 c5 2.Nf3 Nc6 3.Nc3 e6 4.d4 cxd4 5.Nxd4 a6 6.Be2 Nge7 7.f4 Nxd4 8.Qxd4 Nc6
9.Qf2 b5 10.O-O Qc7 11.Be3 Rb8 12.e5 d6 13.exd6 Bxd6 14.Ne4 Be7 15.f5 exf5
16.Bf4 Ne5 17.Qg3 f6 18.Bh5+ g6 19.Nxf6+ Bxf6 20.Rae1 O-O 21.Bxe5 Bxe5 22.Rxe5 f4
23.Rxf4 Bf5 24.Re2 Qc5+ 25.Rff2 Rbe8 26.h4 Rxe2 27.Bxe2 Bxc2 28.Kf1 Re8 29.Kg1 Rf8
30.Kf1 Rc8 31.Kg1 Bf5 32.Kh2 Kg7 33.Qf4 Rd8 34.g4 Rd4 35.Qe3 Qd6+ 36.Qg3 Qxg3+
37.Kxg3 Be6 38.a3 Rd8 39.Bf3 Rd3 40.Kf4 Rb3 41.Ke5 Bc4 42.g5 h6 43.Kd4 hxg5
44.hxg5 Rd3+ 45.Kc5 Re3 46.Kb6 Re6+ 47.Ka5 Re5 48.Rg2 Bf1 49.Rg1 b4+ 50.Kxb4 a5+
51.Ka4 Bb5+ 52.Kxa5 Be2+ 53.Kb6 Bxf3 54.b4 Re6+ 55.Kc7 Rc6+ 56.Kd7 Ra6 57.Ra1 Bc6+
58.Kd6 Ba4+ 59.Kc5 Rc6+ 60.Kd5 Rc3  0-1

[Event "42nd Capablanca Mem Elite"]
[Site "Havana CUB"]
[Date "2007.05.20"]
[Round "3"]
[White "Gashimov,V"]
[Black "Quezada Perez,Y"]
[Result "1/2-1/2"]
[WhiteElo "2644"]
[BlackElo "2541"]

1.e4 c5 2.Nf3 e6 3.d4 cxd4 4.Nxd4 Nc6 5.Nc3 a6 6.Nxc6 bxc6 7.Bd3 d5 8.O-O Nf6
9.Qe2 Be7 10.b3 Bb7 11.Bb2 O-O 12.Rad1 Qc7 13.Na4 dxe4 14.Bxe4 Nxe4 15.Qxe4 c5
16.Qg4 g6 17.Qh3 Rad8 18.Qc3 f6 19.Ba3 Rxd1 20.Rxd1 Rd8 21.Rxd8+ Qxd8 22.f3 Qd1+
23.Kf2 f5 24.Bb2 Bh4+ 25.g3 Bf6 26.Qd3 Qxd3 27.cxd3 Be7 28.Ba3 Bc6 29.Bxc5 Bxa4
30.Bxe7 Bb5 31.Ke3 Kf7 32.Bd6 Ke8 33.f4 Kd7 34.Bb4 Bc6 35.Kd4 Bf3 36.Ke5 Be2
37.d4 Bd3 38.Kf6 Bb1 39.Kg7 Ke8 40.a3 Bc2 41.Kxh7 Kf7 42.Kh6 Bxb3 43.h3 Bd5
44.g4 Bg2 45.gxf5 exf5 46.h4 Bf3 47.Kg5 Be4 48.a4 Bf3 49.h5 Bxh5 50.d5 Bd1
51.a5 Bb3 52.d6  1/2-1/2

[Event "42nd Capablanca Mem Abierto"]
[Site "Havana CUB"]
[Date "2007.05.21"]
[Round "4"]
[White "Corrales Jimenez,F"]
[Black "Needleman,A"]
[Result "1-0"]
[WhiteElo "2479"]
[BlackElo "2357"]

1.e4 c5 2.Nf3 e6 3.d4 cxd4 4.Nxd4 Nc6 5.Nc3 Qc7 6.Be3 a6 7.Bd3 Nf6 8.O-O Nxd4
9.Bxd4 Bc5 10.Be2 d6 11.Na4 Bxd4 12.Qxd4 e5 13.Qe3 Be6 14.c4 O-O 15.Rac1 Nd7
16.Rfd1 Rfd8 17.Nc3 Qb6 18.Qd2 Nc5 19.Kf1 Qb4 20.f3 h6 21.b3 Kf8 22.Rb1 a5
23.Qb2 Qb6 24.Nb5 Ke7 25.Rd2 Rac8 26.Rbd1 Rc6 27.a3 f6 28.b4 axb4 29.axb4 Na4
30.Qa3 Qa6 31.c5 Nxc5 32.bxc5 Qxa3 33.Nxa3 Rxc5 34.Kg1 d5 35.exd5 Rcxd5 36.Rxd5 Bxd5
37.Kf2 Bc6 38.Rxd8 Kxd8 39.Ke3 Ke7 40.Nc4 Ke6 41.g3 f5 42.h4 g5 43.h5 f4+
44.Kf2 e4 45.fxe4 fxg3+ 46.Kxg3 Bxe4 47.Ne3 Kf6 48.Bf3 Bxf3 49.Kxf3 g4+ 50.Kxg4 b5
51.Kf4 Ke6 52.Nc2 Kf6 53.Nb4 Ke6 54.Na6 Kf6 55.Nc7  1-0

[Event "V Regina Helena Marques Prol"]
[Site "Santos BRA"]
[Date "2007.05.21"]
[Round "4"]
[White "Hungaski,R"]
[Black "Tsuboi,E"]
[Result "1/2-1/2"]
[WhiteElo "2379"]
[BlackElo "2356"]

1.e4 c5 2.Nf3 Nc6 3.d4 cxd4 4.Nxd4 e6 5.Nc3 Qc7 6.Be3 a6 7.Qd2 Nf6 8.O-O-O Bb4
9.f3 Ne5 10.Nb3 b5 11.Qd4 Nc6 12.Qb6 Qxb6 13.Bxb6 O-O 14.a4 Bxc3 15.axb5 Bxb2+
16.Kxb2 axb5 17.Bc5 Re8 18.Bxb5 Ba6 19.c4 Rec8 20.Ra1 Bb7 21.Bd6 Ne8 22.Bg3 d6
23.Rxa8 Rxa8 24.Rd1 e5 25.Bf2 Rb8 26.Kc3 Rc8 27.Bb6 Kf8 28.Na1 Ke7 29.Nc2 Nc7
30.Bxc6 Bxc6 31.Bxc7 Rxc7 32.Ne3 g6 33.Ra1 h5 34.h4 Kd7 35.Ra6 Rc8 36.Ra7+ Rc7
37.Ra6 Rc8 38.Ra7+ Rc7 39.Rxc7+ Kxc7 40.Kb4 Kb6 41.Nd1 Bd7 42.Nc3 Be6 43.Nb5 Kc6
44.Na7+ Kb6 45.Nb5  1/2-1/2

[Event "ch-UZB"]
[Site "Tashkent UZB"]
[Date "2007.05.21"]
[Round "11"]
[White "Saidov,B"]
[Black "Gareev,T"]
[Result "0-1"]
[WhiteElo "2297"]
[BlackElo "2551"]

1.e4 c5 2.Nf3 e6 3.d4 cxd4 4.Nxd4 Nc6 5.Nc3 Qc7 6.Be3 a6 7.Qd2 Nf6 8.f3 Ne5
9.g4 h6 10.h4 b5 11.Rg1 Bb4 12.a3 Ba5 13.Be2 Bb7 14.g5 hxg5 15.hxg5 Nh5 16.b4 Bb6
17.O-O-O Rc8 18.Ncxb5 axb5 19.g6 Qc3 20.gxf7+ Kxf7 21.Rg5 Qa1+  0-1

[Event "V Regina Helena Marques Prol"]
[Site "Santos BRA"]
[Date "2007.05.23"]
[Round "6"]
[White "Larrea,M"]
[Black "Tsuboi,E"]
[Result "1/2-1/2"]
[WhiteElo "2317"]
[BlackElo "2356"]

1.e4 c5 2.Nf3 Nc6 3.d4 cxd4 4.Nxd4 e6 5.Nc3 Qc7 6.g3 a6 7.Bg2 d6 8.O-O Bd7
9.a4 Nf6 10.Nb3 Ne5 11.a5 Rc8 12.f4 Nc4 13.Qe2 h5 14.h3 Be7 15.e5 dxe5 16.fxe5 Qxe5
17.Qxe5 Nxe5 18.Bxb7 Rb8 19.Bxa6 Rxb3 20.cxb3 Bc5+ 21.Rf2 h4 22.g4 Nfxg4
23.hxg4 Bc6 24.b4 Bxf2+ 25.Kxf2 Nxg4+ 26.Ke2 h3 27.Bf4 g5 28.Bxg5 h2 29.Bb5 Bxb5+
30.Nxb5 h1=Q 31.Rxh1 Rxh1 32.a6 Kd7 33.Bd8 Rh8 34.Bg5 Ne5 35.Nc7 Nc4 36.a7 Na5
37.a8=Q Rxa8 38.Nxa8 Nc4 39.b3 Nd6 40.Nb6+ Kc6 41.Nc4 Kd5 42.Kd3 e5 43.Ne3+ Ke6
44.Nd1 f5 45.Nc3 f4 46.b5 Kd7 47.b4 Kc7 48.Nd5+ Kb7 49.Nxf4 exf4 50.Ke2  1/2-1/2

[Event "1st WCh-Team Women"]
[Site "Ekaterinburg RUS"]
[Date "2007.05.24"]
[Round "5"]
[White "Kosintseva,N"]
[Black "Javakhishvili,L"]
[Result "1/2-1/2"]
[WhiteElo "2475"]
[BlackElo "2425"]

1.e4 c5 2.Nf3 e6 3.d4 cxd4 4.Nxd4 Nc6 5.Nc3 Qc7 6.Be3 a6 7.Qd2 Nf6 8.O-O-O Bb4
9.f3 Ne5 10.Nb3 b5 11.Kb1 Be7 12.Qf2 d6 13.g4 Bb7 14.g5 Nfd7 15.Rg1 Rc8 16.f4 b4
17.Nd5 exd5 18.fxe5 Nxe5 19.exd5 O-O 20.Bh3 Rce8 21.Bf5 Bd8 22.h4 a5 23.h5 a4
24.Nc1 Qa5 25.Nd3 Bxd5 26.Nf4 Bb7 27.Bd4 b3 28.Bc3 Qb6 29.Bd4 Qa5 30.Bc3 Qb6
31.Bd4 Qa5 32.Bc3  1/2-1/2

[Event "1st WCh-Team Women"]
[Site "Ekaterinburg RUS"]
[Date "2007.05.24"]
[Round "5"]
[White "Aginian,N"]
[Black "Nill,J"]
[Result "1/2-1/2"]
[WhiteElo "2263"]
[BlackElo "2283"]

1.e4 c5 2.Nf3 e6 3.d4 cxd4 4.Nxd4 Nc6 5.Nc3 Qc7 6.Be3 a6 7.Qd2 Nf6 8.O-O-O Bb4
9.f3 Ne5 10.Nb3 b5 11.Qe1 Be7 12.f4 Nc4 13.e5 Ng4 14.Bd4 Nh6 15.Bd3 Bb7 16.Rg1 Nf5
17.Bf2 h5 18.Bxf5 exf5 19.Nd5 Bxd5 20.Rxd5 Rc8 21.Qe2 O-O 22.Qd3 d6 23.Qxf5 Nb6
24.Bxb6 Qxb6 25.Rgd1 dxe5 26.fxe5 Qc6 27.Kb1 g6 28.Qf2 Rfd8 29.Rxd8+ Rxd8
30.Rxd8+ Bxd8 31.Qd2 Bc7 32.Nd4 Qd5 33.Nf3 Qxd2 34.Nxd2 Bxe5 35.h3 f5 36.c3 Kf7
37.Kc2 Ke6 38.Kd3 g5 39.b3 g4 40.c4 bxc4+ 41.Nxc4 Bb8 42.Ke3 f4+  1/2-1/2

[Event "50th TCh-SRB Cup"]
[Site "Mataruska Banja SRB"]
[Date "2007.05.24"]
[Round "4"]
[White "Kovacevic,A"]
[Black "Cabrilo,G"]
[Result "1/2-1/2"]
[WhiteElo "2555"]
[BlackElo "2494"]

1.e4 c5 2.Nf3 Nc6 3.Nc3 e6 4.d4 cxd4 5.Nxd4 a6 6.Be2 d6 7.O-O Nf6 8.Be3 Bd7
9.a4 Be7 10.f4 O-O 11.Nb3 Na5 12.Nd2 Qc7 13.Bd3 Rfb8 14.Qe2 b5 15.axb5 axb5
16.Nxb5 Bxb5 17.Bxb5 Qxc2 18.b4 Nb3 19.Bd3 Nxa1 20.Bxc2 Nxc2 21.Bf2 Nxb4
22.f5 exf5 23.exf5 Re8 24.Qf3 d5 25.h3  1/2-1/2

[Event "50th TCh-SRB Cup"]
[Site "Mataruska Banja SRB"]
[Date "2007.05.24"]
[Round "4"]
[White "Perunovic,Mil"]
[Black "Markus,Rob"]
[Result "0-1"]
[WhiteElo "2562"]
[BlackElo "2567"]

1.e4 c5 2.Nf3 e6 3.d4 cxd4 4.Nxd4 Nc6 5.Nc3 Qc7 6.Be3 Nf6 7.f4 Bb4 8.Nb5 Qa5
9.e5 Nd5 10.Bd2 Nxc3 11.Nxc3 d5 12.Bd3 Qb6 13.Qg4 g6 14.O-O-O Bd7 15.Kb1 O-O-O
16.Na4 Qd4 17.Bc3 Bxc3 18.Nxc3 Nxe5 19.Qg3 Nxd3 20.cxd3 Bc6 21.Ne2 Qb6 22.d4 Qc7
23.Ng1 f6 24.Nf3 Kb8 25.Rhe1 Qd6 26.Re3 Bd7 27.Qh4 Rdf8 28.Qh6 Rf7 29.Rc1 Rc8
30.Rxc8+ Bxc8 31.Qh4 Qc6 32.Qe1 Rc7 33.h4 h6 34.a3 Bd7 35.Qf2 e5 36.dxe5 Bf5+
37.Ka2 Qc4+ 38.Rb3 Bc2 39.Qe3 fxe5 40.Nxe5 Bxb3+ 41.Qxb3 Qxb3+ 42.Kxb3 d4
43.g3 Kc8 44.a4 Kd8 45.a5 Ke7 46.Nxg6+ Kf6 47.Ne5 Kf5  0-1

[Event "Capo d'Orso"]
[Site "Porto Mannu PAL"]
[Date "2007.05.24"]
[Round "7"]
[White "Valenti,G"]
[Black "Casale,A"]
[Result "1-0"]
[WhiteElo "2228"]
[BlackElo "1722"]

1.e4 c5 2.Nf3 e6 3.d4 cxd4 4.Nxd4 Nc6 5.Nc3 a6 6.g3 Nf6 7.Bg2 Be7 8.O-O d6
9.Nxc6 bxc6 10.e5 Nd5 11.exd6 Qxd6 12.Ne4 Qd7 13.c4 Nb6 14.Qb3 Qb7 15.Bf4 O-O
16.Nd6 Bxd6 17.Bxd6 Rd8 18.Rfd1 Nd5 19.cxd5 Qxb3 20.axb3 exd5 21.Bc5 h6 22.Bf1 Rb8
23.b4 Re8 24.Re1 Bf5 25.Bxa6 Be4 26.Bf1 Red8 27.Ra6 Rbc8 28.Bh3 f5 29.Ra7 Ra8
30.Rc7 Re8 31.Bd4 Bf3 32.Rc1 g6 33.R7xc6 Re4 34.Rxg6+ Kf7 35.Rg7+ Kf8 36.Rh7  1-0

[Event "XXII Felix Cup"]
[Site "Felix Spa ROM"]
[Date "2007.05.25"]
[Round "1"]
[White "Kozhuharov,S"]
[Black "Milea,F"]
[Result "1-0"]
[WhiteElo "2433"]
[BlackElo "1964"]

1.e4 c5 2.Nf3 Nc6 3.d4 cxd4 4.Nxd4 e6 5.Nc3 d6 6.Be3 Nf6 7.f3 d5 8.Bb5 Qc7
9.exd5 exd5 10.Qd2 Bd6 11.O-O-O O-O 12.g4 Ne7 13.Kb1 a6 14.Bd3 Bb4 15.Nde2 Bd7
16.Bd4 Ne8 17.Nf4 Bc6 18.Rhe1 Nd6 19.Rxe7 Qxe7 20.Ncxd5 Qe1 21.Qxe1 Bxe1
22.Ne7+ Kh8 23.Nxc6 Rfe8 24.Be5 Bh4 25.Bxd6 bxc6 26.c4 Bf6 27.Be4 Rec8 28.c5 g6
29.Rd3 a5 30.Rb3 Ra6 31.Rb6 Ra7 32.Rxc6 Rxc6 33.Bxc6 Bd4 34.a4 Kg8 35.Nd5 f6
36.Ne7+ Kg7 37.Nc8 Rf7 38.Bd5 Rd7 39.c6 Rd8 40.Be6 Be5 41.c7 Rxd6 42.Nxd6  1-0

[Event "42nd Capablanca Mem Abierto"]
[Site "Havana CUB"]
[Date "2007.05.25"]
[Round "7"]
[White "Diamant,A"]
[Black "Needleman,G"]
[Result "1/2-1/2"]
[WhiteElo "2384"]
[BlackElo "2416"]

1.e4 c5 2.Nf3 e6 3.d4 cxd4 4.Nxd4 Nc6 5.Nc3 Qc7 6.Be2 a6 7.O-O Nf6 8.Be3 Bb4
9.Na4 Bd6 10.g3 b5 11.Nb6 Rb8 12.Nxc8 Rxc8 13.c4 b4 14.c5 Bxc5 15.Bxa6 Bxd4
16.Bxd4 Ra8 17.Bb5 O-O 18.Bxc6 Qxc6 19.Bxf6 gxf6 20.Qf3 f5 21.Qf4 fxe4 22.Qg5+ Kh8
23.Qf6+ Kg8 24.Qg5+  1/2-1/2

[Event "Enci Limburg Open"]
[Site "Maastricht NED"]
[Date "2007.05.25"]
[Round "1"]
[White "Klein,Fe"]
[Black "Kritz,L"]
[Result "0-1"]
[WhiteElo "2207"]
[BlackElo "2593"]

1.e4 c5 2.Nf3 Nc6 3.Nc3 e6 4.d4 cxd4 5.Nxd4 a6 6.Be2 Nge7 7.Be3 Nxd4 8.Qxd4 Nc6
9.Qd2 Qc7 10.f4 b5 11.e5 Bb7 12.O-O Be7 13.Rad1 Rd8 14.Bf3 Na5 15.Bxb7 Nc4
16.Qf2 Nxe3 17.Qxe3 Bc5 18.Rd4 Bxd4 19.Qxd4 Qxb7 20.Qb4 d5 21.exd6 Qb6+ 22.Kh1 Qxd6
23.Qe4 O-O 24.h3 Qd4 25.Qb7 Qc4  0-1

[Event "1st WCh-Team Women"]
[Site "Ekaterinburg RUS"]
[Date "2007.05.26"]
[Round "6"]
[White "Sikorova,O"]
[Black "Nill,J"]
[Result "0-1"]
[WhiteElo "2304"]
[BlackElo "2283"]

1.e4 c5 2.Nf3 e6 3.d4 cxd4 4.Nxd4 Nc6 5.Nc3 Qc7 6.Be3 a6 7.Qd2 Nf6 8.f3 Be7
9.g4 d6 10.O-O-O Nxd4 11.Qxd4 O-O 12.h4 b5 13.g5 Ne8 14.h5 Rb8 15.Bh3 b4
16.Ne2 Qa5 17.f4 Qxa2 18.b3 Qa5 19.Kb1 e5 20.Qd2 Bxh3 21.Rxh3 Nc7 22.f5 Rfc8
23.g6 Nb5 24.h6 hxg6 25.fxg6 Na3+ 26.Kb2 Rxc2+ 27.Qxc2 Nxc2 28.gxf7+ Kxf7
29.Rf1+ Ke6 30.Kxc2 Qa2+ 31.Kd1 Qxb3+ 32.Ke1 Qb1+ 33.Nc1 gxh6 34.Rxh6+ Kd7
35.Ke2 Qxe4 36.Nd3 Rc8 37.Kd2 Rc3  0-1

[Event "1st WCh-Team Women"]
[Site "Ekaterinburg RUS"]
[Date "2007.05.26"]
[Round "6"]
[White "Zawadzka,J"]
[Black "Khurtsidze,N"]
[Result "0-1"]
[WhiteElo "2348"]
[BlackElo "2469"]

1.e4 c5 2.Nf3 e6 3.d4 cxd4 4.Nxd4 Nc6 5.Nc3 a6 6.Be3 Nf6 7.Nxc6 bxc6 8.e5 Nd5
9.Nxd5 cxd5 10.Bd3 d6 11.f4 dxe5 12.fxe5 Qc7 13.Bd4 Bc5 14.Qg4 O-O 15.c3 Bxd4
16.Qxd4 a5 17.O-O Ba6 18.Rad1 Rfc8 19.Rf2 Bxd3 20.Rxd3 Qa7 21.Rfd2 a4 22.Kf2 Qb8
23.Qe3 Ra7 24.Qe2 Rac7 25.Rh3 a3 26.bxa3 Rxc3 27.Rxc3 Rxc3 28.Rd3 Rc4 29.g3 h6
30.Kg2 Qb1 31.Rb3 Rc2 32.Rxb1 Rxe2+ 33.Kf3 Rxa2 34.h4 Rxa3+ 35.Kf4 Ra4+ 36.Kf3 Re4
37.Rb8+ Kh7 38.Rf8 Kg6 39.h5+ Kxh5 40.Rxf7 Kg6 41.Rf8 Rxe5 42.g4 Re1 43.Rd8 Ra1
44.Rd7 Kf6 45.Ke3 Ra3+ 46.Kf2 g6 47.Rd6 h5 48.gxh5 gxh5 49.Kg2 Ke5 50.Rb6 h4
51.Rb8 d4 52.Rh8 h3+ 53.Kh2 Kd5 54.Rd8+ Ke4 55.Rd7 e5 56.Rd8 Ke3 57.Kxh3 d3
58.Kg4 d2  0-1

[Event "10th IHEM"]
[Site "Hamburg GER"]
[Date "2007.05.26"]
[Round "1"]
[White "Van der Weide,K"]
[Black "Kroencke,M"]
[Result "1-0"]
[WhiteElo "2502"]
[BlackElo "2207"]

1.e4 c5 2.Nf3 e6 3.d4 cxd4 4.Nxd4 Nc6 5.Nc3 Qc7 6.g4 a6 7.Bg2 Nxd4 8.Qxd4 Ne7
9.f4 Nc6 10.Qf2 Bb4 11.O-O Na5 12.e5 Bxc3 13.bxc3 Nc4 14.Rb1 O-O 15.g5 Rb8
16.Qa7 d5 17.exd6 Qxd6 18.f5 b5 19.fxe6 fxe6 20.Rxf8+ Kxf8 21.Ba3 Nxa3 22.Rf1+ Ke8
23.Qxg7  1-0

[Event "42nd Capablanca Mem Abierto"]
[Site "Havana CUB"]
[Date "2007.05.26"]
[Round "8"]
[White "Abreu Delgado,A"]
[Black "Diamant,A"]
[Result "1-0"]
[WhiteElo "2498"]
[BlackElo "2384"]

1.e4 c5 2.Nf3 e6 3.d4 cxd4 4.Nxd4 Nc6 5.Nc3 a6 6.Nxc6 bxc6 7.Bd3 d5 8.O-O Qc7
9.Re1 Bb7 10.Qf3 Bd6 11.e5 Bf8 12.b3 Bb4 13.Bd2 c5 14.Qg3 Ne7 15.a3 Bxc3
16.Bxc3 O-O 17.Bd2 a5 18.c3 Ba6 19.Bc2 Rfd8 20.Bg5 Rd7 21.h4 Kh8 22.Rad1 Rb8
23.Rd2 Nc6 24.h5 h6 25.Bh4 Rf8 26.Re3 Rb8 27.Bf6 gxf6 28.Qf4 Nxe5 29.Qxh6+ Kg8
30.Bh7+ Kh8 31.Rg3  1-0

[Event "Enci Limburg Open"]
[Site "Maastricht NED"]
[Date "2007.05.26"]
[Round "2"]
[White "Wemmers,X"]
[Black "Vanwersch,S"]
[Result "1-0"]
[WhiteElo "2415"]
[BlackElo "2126"]

1.e4 c5 2.Nf3 e6 3.Nc3 Nc6 4.d4 cxd4 5.Nxd4 Nf6 6.Ndb5 d5 7.Bf4 e5 8.exd5 exf4
9.dxc6 Qb6 10.Bc4 Qxc6 11.Qe2+ Be6 12.O-O-O Bc5 13.Nd4  1-0

[Event "VII Mario Covas"]
[Site "Santos BRA"]
[Date "2007.05.27"]
[Round "9"]
[White "Mekhitarian,K"]
[Black "Leitao,R"]
[Result "1/2-1/2"]
[WhiteElo "2416"]
[BlackElo "2603"]

1.e4 c5 2.Nf3 Nc6 3.d4 cxd4 4.Nxd4 e6 5.Nc3 d6 6.Be3 Nf6 7.f3 Be7 8.Qd2 a6
9.O-O-O O-O 10.g4 Nd7 11.Kb1 Nde5 12.Qg2 Na5 13.g5 b5 14.f4 Nec4 15.Bc1 b4
16.Bxc4 bxc3 17.Bb3 Bb7 18.f5 cxb2 19.Bxb2 Nxb3 20.axb3 e5 21.Ne2 Bxg5 22.Rhg1 Bf6
23.Rd3 Kh8 24.Rh3 Qd7 25.Qg4 Rfc8 26.Qh5 Kg8 27.Qxh7+ Kf8 28.Nc3 Rxc3 29.Rxc3 Bxe4
30.Ba3 Ke7 31.Rd1 Bxf5 32.Qh5 g6 33.Qe2 Bg4 34.Qe4 Bxd1 35.Qxa8 Be2 36.Qb8 Ke6
37.Rc7 Qd8 38.Rc8 Qd7 39.Rc7 Qd8 40.Qa7 Be7 41.Rc6 f5 42.Qg1 g5 43.Rc3 g4
44.Qe3 Bb5 45.Qh6+ Bf6 46.Bc1 Qh8 47.Qd2 Qd8 48.Qh6 Qh8 49.Qd2  1/2-1/2

[Event "1st Open"]
[Site "Thun SUI"]
[Date "2007.05.27"]
[Round "5"]
[White "Sokolov,And1"]
[Black "Kurmann,O"]
[Result "1-0"]
[WhiteElo "2584"]
[BlackElo "2433"]

1.e4 c5 2.Nf3 e6 3.d4 cxd4 4.Nxd4 Nc6 5.Nc3 a6 6.Nxc6 bxc6 7.Bd3 d5 8.O-O Nf6
9.Bg5 Be7 10.e5 Nd7 11.Bxe7 Qxe7 12.Re1 O-O 13.Na4 f6 14.Qh5 g6 15.Qh4 Rb8
16.exf6 Rxf6 17.b3 e5 18.f3 Qd6 19.Rad1 Bb7 20.Qf2 Rbf8 21.Nb6 Re6 22.Nxd7 Qxd7
23.Qa7 Ra8 24.Qc5 a5 25.c4 Qe7 26.Qxe7 Rxe7 27.cxd5 cxd5 28.Rc1 e4 29.fxe4 dxe4
30.Bc4+ Kg7 31.Kf2 Rd8 32.Ke3 Kf6 33.Rcd1 Red7 34.Rxd7 Rxd7 35.Rf1+ Ke5 36.Rf7 Rxf7
37.Bxf7 g5 38.g3 Bc6 39.Bg8 h6 40.Bc4 Bd7 41.Bf1 Be6 42.Bb5 Bd5 43.Be8 Be6
44.Bb5 h5 45.Ba6 h4 46.Bb7 hxg3 47.hxg3 Kd6 48.Kd4 e3 49.Bf3 Bf7 50.Bd1 Bg8
51.Kxe3 Kc5 52.a3 Bd5 53.Kd3 Bb7 54.Kc3 Bd5 55.Be2 Be6 56.b4+ axb4+ 57.axb4+ Kd6
58.Kd4 Bc8 59.b5 Bd7 60.b6 Bc8 61.Bf3 Ba6 62.Be4 g4 63.Ke3 Kd7 64.Bd3 Bb7
65.Bf5+ Kd6 66.Bxg4 Kc5 67.Bf3  1-0

[Event "8th United Insurance"]
[Site "Dhaka BAN"]
[Date "2007.05.28"]
[Round "2"]
[White "Gopal,G"]
[Black "Rahman,Zia"]
[Result "1/2-1/2"]
[WhiteElo "2455"]
[BlackElo "2543"]

1.e4 c5 2.Nf3 e6 3.d4 cxd4 4.Nxd4 Nc6 5.Nc3 Qc7 6.Be3 a6 7.Qd2 Nf6 8.O-O-O Bb4
9.f3 Ne7 10.Nde2 b5 11.Bf4 e5 12.Bg5 Bb7 13.Kb1 Ba5 14.Bxf6 gxf6 15.Qh6 Qb6
16.g3 b4 17.Na4 Qc6 18.Bh3 O-O-O 19.b3 Kb8 20.Qg7 d5 21.Qxf7 Qd6 22.Qh5 Qc7
23.exd5 Nxd5 24.Qh6 Rd6 25.Bf5 Rhd8 26.Qc1 Nb6 27.Rxd6 Qxd6 28.Nxb6 Bxb6
29.Be4 Bxe4 30.fxe4 Qc6 31.Re1 Qxe4 32.Nf4 Qc6 33.Nd3 Qc3 34.a3 bxa3 35.Ka2 Bd4
36.Re2 Rd5 37.Qe1 f5 38.Qxc3 Bxc3 39.b4 e4 40.Nf4 Rd4 41.Kxa3 Bxb4+ 42.Kb3 Bd6
43.c3 Rd1 44.Ne6 Be5 45.Kc4 Rd3 46.Nd4 Bxd4 47.cxd4 h5 48.Kd5 Kc7 49.Ke5 Rf3
50.d5 Kd7 51.Ra2 e3 52.Kd4 Rf2 53.Rxa6 e2 54.Re6 Rxh2 55.Kd3 Rg2 56.Kd2 h4
57.gxh4 f4 58.Rf6 Rg4  1/2-1/2

[Event "Doroshkevich Mem"]
[Site "Belorechensk RUS"]
[Date "2007.05.29"]
[Round "1"]
[White "Eraschenkov,D"]
[Black "Ganigev,M"]
[Result "1-0"]
[WhiteElo "2388"]
[BlackElo "1789"]

1.e4 c5 2.Nf3 e6 3.d4 cxd4 4.Nxd4 Nc6 5.Nc3 Nf6 6.Ndb5 Bb4 7.a3 Bxc3+ 8.Nxc3 d5
9.exd5 exd5 10.Bd3 O-O 11.O-O h6 12.Bf4 d4 13.Ne4 Nd5 14.Bd6 Re8 15.Bg3 Bf5
16.Qf3 Bxe4 17.Bxe4 Nf6 18.Bxc6 bxc6 19.Qxc6 Rc8 20.Qa4 Re2 21.Rac1 Qb6 22.Bh4 Ne4
23.Qd7 Qc5 24.Rce1 Rxe1 25.Rxe1 Qxc2 26.Qxd4 g5 27.Bg3 Qe2 28.Qb4 Nd2 29.f3 Qd3
30.Qb7 Rc2 31.Re8+ Kg7 32.Be5+ Kg6 33.Rg8+ Kf5 34.Qxf7+ Kxe5  1-0

[Event "10th IHEM"]
[Site "Hamburg GER"]
[Date "2007.05.29"]
[Round "4"]
[White "Saltaev,M"]
[Black "Stanke,J"]
[Result "1-0"]
[WhiteElo "2514"]
[BlackElo "2310"]

1.e4 c5 2.Nf3 e6 3.d4 cxd4 4.Nxd4 Nc6 5.Nc3 Qc7 6.f4 Nxd4 7.Qxd4 a6 8.Be3 b5
9.O-O-O Bb7 10.Bd3 Rc8 11.Kb1 Nf6 12.e5 Nd5 13.Ne4 Nxe3 14.Qxe3 Bxe4 15.Qxe4 g6
16.g4 Bg7 17.h4 O-O 18.h5 Rfd8 19.hxg6 fxg6 20.Rdf1 Qb6 21.Qe2 Qc5 22.Qf3 d6
23.f5 Qxe5 24.f6 Qxf6 25.Qxf6 Bxf6 26.Rxf6 Kg7 27.Rhf1 Rd7 28.b4 d5 29.Kb2 Ra8
30.a4 bxa4 31.Ka3 Rc8 32.Kxa4 Ra7 33.g5  1-0